| 000 | 00834nam a22002057a 4500 | ||
|---|---|---|---|
| 005 | 20260511142905.0 | ||
| 008 | 260511b |||||||| |||| 00| 0 eng d | ||
| 040 | _cCRL | ||
| 041 | _aਪੰਜਾਬੀ | ||
| 100 |
_aਸਿੰਘ, ਅਮਨਦੀਪ _91238994 |
||
| 245 |
_aਸੰਤਰੇਣ ਰਹਿਤ ਮਹਾਂਕਾਵੀਂ ' ਸ਼੍ਰੀ ਗੁਰੂ ਨਾਨਕ ਵਿਜੈ ਪਰਵਚਣ ਵਿਸ਼ਲੇਸ਼ਣ _cby ਅਮਨਦੀਪ ਸਿੰਘ |
||
| 260 |
_aDelhi: _bUniversity of Delhi, _c2024. |
||
| 300 | _a276 ਪ. | ||
| 502 |
_bPh.D. _cUniversity of Delhi |
||
| 650 |
_aਪੰਜਾਬੀ ਲਿਟ੍ਰੇਚਰ _91238939 |
||
| 700 |
_aਸਿੰਘ, ਨਛੱਤਰ _91238995 |
||
| 710 |
_bDepartment of Punjabi, University of Delhi. _91238985 |
||
| 942 | _cTH | ||
| 999 |
_c1851186 _d1851186 |
||